Algebraic and analytic methods in representation theory

保存先:
書誌詳細
主要な著者: Orsted, Bent (著者), Schlichtkrull, Henrik (著者)
フォーマット: 図書
言語:英語
出版事項: San Diego Academic Press 1996
シリーズ:Perspectives in Mathematics, 17
主題:
タグ: タグ追加
タグなし, このレコードへの初めてのタグを付けませんか!

MARC

LEADER 00000nam a2200000 a 4500
001 UCS6138
003 CL-VaPUC
008 970912e19960000US |||||||||||||||||eng|d
082 0 4 |a 512.5  |b ORS  |2 21 
100 0 |a Orsted, Bent  |e author  |9 391633 
700 0 |a Schlichtkrull, Henrik  |e author  |9 391634 
245 1 0 |a Algebraic and analytic methods in representation theory 
300 |a 343 p 
942 |c BK 
945 |d 19970912 00:00:00  |a jquezada 
260 |a San Diego  |b Academic Press  |c 1996 
650 0 |a Álgebra  |9 259567 
650 0 |a Grupos de Lie   |9 271231 
650 0 |a Teoría de grupos   |9 270028 
650 0 |a Geometría analítica   |9 260062 
650 0 |a Polinomios  |9 270626 
583 |a last modification  |c 19970912 00:00:00  |k Rodrigo Vera 
490 0 |a Perspectives in Mathematics, 17 
999 |c 262106  |d 262104 
952 |0 0  |1 0  |4 0  |6 512_500000000000000_ORS_1996  |7 0  |8 A  |9 290286  |a BIBMAT  |b BIBMAT  |d 2019-11-19  |i 3349071  |o 512.5 ORS 1996  |p 3349071  |r 2025-01-07  |w 2019-11-19  |y BK  |k MAT